Statistics for Disney & Disney/Pixar Sidekicks Quiz

Click here to take the quiz!

General Stats

  • This quiz has been taken 770 times
  • The average score is 9 of 15

Answer Stats

Character's Name(s) Sidekick % Correct
WoodyBuzz Lightyear
93%
TimonPumbaa
91%
Peter PanTinkerbell
91%
AladdinAbu
87%
James P. "Sulley" SullivanMike Wazowski
84%
ArielFlounder
83%
MarlinDory
69%
JafarIago
64%
Bob Parr/Mr. IncredibleLucius Best/Frozone
40%
GastonLe Fou
36%
Carl FredicksenRussell
35%
BernardMiss Bianca
30%
Prince John/King RichardSir Hiss
25%
MerlinArchimedes
24%
Professor RatiganFidget
8%

Score Distribution

Percentile by Number Answered

Percent of People with Each Score

Your Score History

You have not taken this quiz